00940nam a2200253 a 4500001000400000003001000004005001700014008004100031020001800072040002500090080001700115245020000132260003200332300002700364504002500391650003600416650003300452650002600485650002400511700003000535700003800565700003700603700004600640805BR-CuiBMT20231129161601.0231117b2017 dfba 000 0 por d a9788595270206 aBR-CuiBMTcBR-CuiBMT a331.452200700aSaúde e segurança do trabalho :bcurso prático /corganizadores Ilan Fonseca de Souza, Lidiane de Araújo Barros, Vitor Araújo Filgueiras ; [autores: Airton Marinho da Silva ... et al.]. aBrasília :bESMPU,c2017. a358 p. :bil. ;c23 cm ainclui bibliografia. aSegurança do trabalhozBrasil aMedicina do trabalhozBrasil aAcidentes de trabalho aHigiene do trabalho aSouza, Ilan Fonseca4org. aBarros, Lidiane de Araújo4org. aFilgueiras, Vitor Araújo4org. aSilva, Airton Marinho daeet al.eautores